• 首页
  • 本馆介绍
  • 公告通知
  • 最新文献
  • 馆藏检索
  • 电子资源
  • 读者导购
  • 参考咨询
  • 我的图书馆
  • 登录
  • 详细信息显示
  • 放入我的书架
  • 预约/预借图书
  • 作者相关作品
  • 分类相关作品
  • 丛书相关作品
  • 出版社相关作品

书目信息

  • 表格格式
  • 工作单格式
  • 卡片格式
题名:
AutoCAD 2009中文版机械制图案例教程
    
 
作者: 战冬梅 , 张蕾 主编
分册:  
出版信息: 北京   中国水利水电出版社  2009.07
页数: 310页
开本: 26cm
丛书名:
单 册:
中图分类: TH126 , TH126-43
科图分类:
主题词: 机械制图--制图程序--高等教育--教材 , 机械制图 , 制图程序
电子资源:
ISBN: 978-7-5084-6632-3
000 01050nam0 22003131 450
001 004284665
005 20110112164752.0
010    @a978-7-5084-6632-3@dCNY32.00
100    @a20100913d2009 em y0chiy50 ea
101 0  @achi
102    @aCN@b110000
105    @aa z 000yy
106    @ar
200 1  @aAutoCAD 2009中文版机械制图案例教程@AAutoCAD 2009 zhong wen ban ji xie zhi tu an li jiao cheng@f战冬梅,张蕾主编@FZhan Dong Mei, Zhang Lei Zhu Bian
210    @a北京@c中国水利水电出版社@d2009.07
215    @a310页@c图@d26cm
300    @a21世纪高职高专案例教程系列
330    @a本书介绍使用AutoCAD 2009进行机械设计的方法和操作技能,并在实战演练的过程中溶入AutoCAD 2009知识的精髓。
606 0  @a机械制图@x制图程序@x高等教育@j教材
606 0  @a机械制图
606 0  @a制图程序
610 0  @aAutoCAD
690    @aTH126@v4
690    @aTH126-43@v5
701  0 @a战冬梅@Azhan dong mei@4主编
701  0 @a张蕾@Azhang lei@c(计算机)@4主编
801    @aCN@b树人教育@c20110112
905    @aBZT@dTH126-43@e2
906    @dCNY32.00@n0@r1
    
    AutoCAD 2009中文版机械制图案例教程/战冬梅,张蕾主编.-北京:中国水利水电出版社,2009.07
    310页:图;26cm
    21世纪高职高专案例教程系列
    
    ISBN 978-7-5084-6632-3:CNY32.00
    本书介绍使用AutoCAD 2009进行机械设计的方法和操作技能,并在实战演练的过程中溶入AutoCAD 2009知识的精髓。
●
相关链接 在五车中查询图书 在当当中查询图书 在豆瓣中查询图书


正题名:AutoCAD 2009中文版机械制图案例教程     索取号:TH126-43/2         预约/预借

序号 登录号 条形码 馆藏地/架位号 状态 备注
1 751449   2000751449   样本书库/样006架B面1层1列/ [索取号:TH126-43/2] 在馆    
2 751450   2000751450   中心书库中库/ 中库023架B面7列6层15/ [索取号:TH126-43/2] 在馆    
3 751451   2000751451   中心书库中库/ 中库030架A面6列6层35/ [索取号:TH126-43/2] 在馆    
4 751452   2000751452   中心书库中库/ 中库030架A面6列6层34/ [索取号:TH126-43/2] 在馆    
5 751453   2000751453   中心书库中库/ 中库030架A面8列5层43/ [索取号:TH126-43/2] 在馆    
6 751454   2000751454   中心书库中库/ 中库030架A面6列6层36/ [索取号:TH126-43/2] 在馆    
山东省滨州职业学院图书馆 欢迎您!
大连网信软件有限公司© 版权所有